000 00332nam a2200145Ia 4500
005 20250401073805.0
008 240331s9999 xx 000 0 und d
082 _bTHI
_a894
100 _aThilakabama
245 0 _aKoonthal nathik kathikal
260 _aChennai
_bKaavya
_c2007
300 _a113 p .,
650 _aPoems
942 _cL
999 _c4659
_d4659